Moisés y la religión monoteísta. Esquema del psicoanálisis. Y otras obras. 1937-39
Uloženo v:
| Médium: | Text |
|---|---|
| Vydáno: |
Buenos Aires:
Amorrortu
|
| Tagy: |
Přidat tag
Žádné tagy, Buďte první, kdo vytvoří štítek k tomuto záznamu!
|
MARC
| LEADER | 00000 a a2200000 04500 | ||
|---|---|---|---|
| 001 | 29708 | ||
| 003 | |||
| 040 | |||
| 020 | |a 84-610-0523-X (Volumen 21) | ||
| 090 | |a 191013 | ||
| 245 | |a Moisés y la religión monoteísta. Esquema del psicoanálisis. Y otras obras. 1937-39 | ||
| 260 | |a Buenos Aires: |b Amorrortu | ||
| 300 | |a vol. 23 | ||
| 500 | |a Traducción directa del alemán de José L. Etcheverry.Ordenamiento, comentarios y notas de James StrachTraducción directa del alemán de José L. Etcheverry.Ordenamiento, comentarios y notas de James Strachey con la colaboración de Anna Freud, asistidos por Alix Strachey y Allan Tyson | ||
| 999 | |c 14458 |d 14458 | ||
